[Event "Quebec op U1700"]
[Site "Montreal"]
[Date "2012.07.24"]
[Round "5"]
[White "Fiouzi, Chahin"]
[Black "Lemieux, Serge"]
[Result "0-1"]
[WhiteElo "1523"]
[BlackElo "1533"]
[PlyCount "64"]
[EventDate "2012.07.21"]
[EventType "swiss"]
[EventRounds "9"]
[EventCountry "CAN"]
[SourceTitle "EXT 2022"]
[Source "ChessBase"]
[SourceDate "2021.10.06"]
[SourceVersion "1"]
[SourceVersionDate "2021.10.06"]
[SourceQuality "1"]

1. b3 Nf6 2. Bb2 e6 3. g3 c5 4. Bg2 Nc6 5. e3 d5 6. Ne2 Bd6 7. d4 cxd4 8. Nxd4 a6 9. Nd2 Bd7 10. 0-0 0-0 11. Ne2 Re8 12. c4 dxc4 13. Nxc4 Bc7 14. Bxf6 gxf6 15. Nf4 f5 16. Nh3 f6 17. Qh5 Qe7 18. e4 Qf7 19. Qe2 fxe4 20. Bxe4 f5 21. Bf3 Nd4 22. Qd1 Nxf3+ 23. Qxf3 Bc6 24. Qc3 Qh5 25. Nf4 Bxf4 26. gxf4 Re7 27. f3 Rg7+ 28. Kf2 Qxh2+ 29. Ke3 Rg2 30. Rae1 Rf8 31. Ne5 Bb5 32. Rh1 Re2+ 0-1